<?xml version="1.0" encoding="UTF-8"?><marc:collection xmlns:marc="http://www.loc.gov/MARC21/slim">
  <marc:record>
    <marc:leader>02638cam a2200517 c 4500</marc:leader>
    <marc:controlfield tag="001">029259649</marc:controlfield>
    <marc:controlfield tag="003">DE-603</marc:controlfield>
    <marc:controlfield tag="005">20260326122000.0</marc:controlfield>
    <marc:controlfield tag="007">tu</marc:controlfield>
    <marc:controlfield tag="008">940510s1982    xx ||||  |   u00| u|ger  </marc:controlfield>
    <marc:datafield tag="015" ind1=" " ind2=" ">
      <marc:subfield code="a">83,B04,0042</marc:subfield>
      <marc:subfield code="z">82,N44,0002</marc:subfield>
      <marc:subfield code="2">dnb</marc:subfield>
    </marc:datafield>
    <marc:datafield tag="016" ind1="7" ind2=" ">
      <marc:subfield code="2">DE-101</marc:subfield>
      <marc:subfield code="a">830166602</marc:subfield>
    </marc:datafield>
    <marc:datafield tag="020" ind1=" " ind2=" ">
      <marc:subfield code="a">3882261471</marc:subfield>
    </marc:datafield>
    <marc:datafield tag="035" ind1=" " ind2=" ">
      <marc:subfield code="a">(DE-599)DNB830166602</marc:subfield>
    </marc:datafield>
    <marc:datafield tag="035" ind1=" " ind2=" ">
      <marc:subfield code="a">(OCoLC)611978639</marc:subfield>
    </marc:datafield>
    <marc:datafield tag="040" ind1=" " ind2=" ">
      <marc:subfield code="a">DE-603</marc:subfield>
      <marc:subfield code="b">ger</marc:subfield>
      <marc:subfield code="c">DE-603</marc:subfield>
      <marc:subfield code="d">DE-603</marc:subfield>
    </marc:datafield>
    <marc:datafield tag="041" ind1=" " ind2=" ">
      <marc:subfield code="a">ger</marc:subfield>
    </marc:datafield>
    <marc:datafield tag="082" ind1="7" ind2=" ">
      <marc:subfield code="8">1\p</marc:subfield>
      <marc:subfield code="a">011.3107403136</marc:subfield>
      <marc:subfield code="2">19/oclc</marc:subfield>
    </marc:datafield>
    <marc:datafield tag="084" ind1=" " ind2=" ">
      <marc:subfield code="a">09</marc:subfield>
      <marc:subfield code="a">02</marc:subfield>
      <marc:subfield code="a">46</marc:subfield>
      <marc:subfield code="a">03</marc:subfield>
      <marc:subfield code="q">DE-101</marc:subfield>
      <marc:subfield code="2">sdnb</marc:subfield>
    </marc:datafield>
    <marc:datafield tag="084" ind1=" " ind2=" ">
      <marc:subfield code="a">AM 44000</marc:subfield>
      <marc:subfield code="0">(DE-625)4296:</marc:subfield>
      <marc:subfield code="0">(DE-603)407191852</marc:subfield>
      <marc:subfield code="2">rvk</marc:subfield>
    </marc:datafield>
    <marc:datafield tag="084" ind1=" " ind2=" ">
      <marc:subfield code="a">EL 7650</marc:subfield>
      <marc:subfield code="0">(DE-625)24825:</marc:subfield>
      <marc:subfield code="0">(DE-603)407792368</marc:subfield>
      <marc:subfield code="2">rvk</marc:subfield>
    </marc:datafield>
    <marc:datafield tag="245" ind1="0" ind2="0">
      <marc:subfield code="a">&#152;Das&#156; Buch im Orient</marc:subfield>
      <marc:subfield code="b">Handschriften und kostbare Drucke aus 2 Jahrtausenden ; Bayerische Staatsbibliothek, Ausstellung 16. November 1982 - 5. Februar 1983</marc:subfield>
      <marc:subfield code="c">[Koordination d. Ausstellung u. Katalogred.: Karl Dachs. Verf. d. Katalogbeschreibungen: Julius Assfalg ...]</marc:subfield>
    </marc:datafield>
    <marc:datafield tag="264" ind1=" " ind2="1">
      <marc:subfield code="a">Wiesbaden</marc:subfield>
      <marc:subfield code="b">Reichert</marc:subfield>
      <marc:subfield code="c">1982</marc:subfield>
    </marc:datafield>
    <marc:datafield tag="300" ind1=" " ind2=" ">
      <marc:subfield code="a">340 Seiten</marc:subfield>
      <marc:subfield code="b">Illustrationen</marc:subfield>
    </marc:datafield>
    <marc:datafield tag="336" ind1=" " ind2=" ">
      <marc:subfield code="a">Text</marc:subfield>
      <marc:subfield code="b">txt</marc:subfield>
      <marc:subfield code="2">rdacontent</marc:subfield>
    </marc:datafield>
    <marc:datafield tag="337" ind1=" " ind2=" ">
      <marc:subfield code="a">ohne Hilfsmittel zu benutzen</marc:subfield>
      <marc:subfield code="b">n</marc:subfield>
      <marc:subfield code="2">rdamedia</marc:subfield>
    </marc:datafield>
    <marc:datafield tag="338" ind1=" " ind2=" ">
      <marc:subfield code="a">Band</marc:subfield>
      <marc:subfield code="b">nc</marc:subfield>
      <marc:subfield code="2">rdacarrier</marc:subfield>
    </marc:datafield>
    <marc:datafield tag="490" ind1="1" ind2=" ">
      <marc:subfield code="a">Ausstellungskataloge / Bayerische Staatsbibliothek</marc:subfield>
      <marc:subfield code="v">27</marc:subfield>
    </marc:datafield>
    <marc:datafield tag="500" ind1=" " ind2=" ">
      <marc:subfield code="a">Literaturangaben</marc:subfield>
    </marc:datafield>
    <marc:datafield tag="583" ind1="1" ind2=" ">
      <marc:subfield code="a">Archivierung/Langzeitarchivierung gewährleistet</marc:subfield>
      <marc:subfield code="f">PEHE</marc:subfield>
      <marc:subfield code="5">DE-43</marc:subfield>
      <marc:subfield code="2">pdager</marc:subfield>
    </marc:datafield>
    <marc:datafield tag="655" ind1=" " ind2="7">
      <marc:subfield code="a">Katalog</marc:subfield>
      <marc:subfield code="0">(DE-588)4163417-2</marc:subfield>
      <marc:subfield code="0">(DE-603)085724890</marc:subfield>
      <marc:subfield code="2">gnd-content</marc:subfield>
    </marc:datafield>
    <marc:datafield tag="700" ind1="1" ind2=" ">
      <marc:subfield code="a">Dachs, Karl</marc:subfield>
      <marc:subfield code="d">1929-2016</marc:subfield>
      <marc:subfield code="e">Herausgeber</marc:subfield>
      <marc:subfield code="4">edt</marc:subfield>
      <marc:subfield code="0">(DE-603)087500779</marc:subfield>
      <marc:subfield code="0">(DE-588)119160722</marc:subfield>
      <marc:subfield code="2">gnd</marc:subfield>
    </marc:datafield>
    <marc:datafield tag="700" ind1="1" ind2=" ">
      <marc:subfield code="a">Assfalg, Julius</marc:subfield>
      <marc:subfield code="d">1919-2001</marc:subfield>
      <marc:subfield code="0">(DE-603)087353008</marc:subfield>
      <marc:subfield code="0">(DE-588)11901274X</marc:subfield>
      <marc:subfield code="2">gnd</marc:subfield>
    </marc:datafield>
    <marc:datafield tag="810" ind1="2" ind2="2">
      <marc:subfield code="a">Bayerische Staatsbibliothek</marc:subfield>
      <marc:subfield code="t">Ausstellungskataloge</marc:subfield>
      <marc:subfield code="v">27</marc:subfield>
      <marc:subfield code="w">(DE-603)006168442</marc:subfield>
      <marc:subfield code="w">(DE-600)238642-2</marc:subfield>
      <marc:subfield code="w">(DE-599)ZDB238642-2</marc:subfield>
      <marc:subfield code="9">227</marc:subfield>
      <marc:subfield code="7">as</marc:subfield>
    </marc:datafield>
    <marc:datafield tag="856" ind1="4" ind2="2">
      <marc:subfield code="m">V:DE-576;B:DE-16</marc:subfield>
      <marc:subfield code="q">application/pdf</marc:subfield>
      <marc:subfield code="u">https://scans.hebis.de/HEBCGI/show.pl?02925964_toc.pdf</marc:subfield>
      <marc:subfield code="3">Inhaltsverzeichnis</marc:subfield>
    </marc:datafield>
    <marc:datafield tag="924" ind1="0" ind2=" ">
      <marc:subfield code="9">30</marc:subfield>
      <marc:subfield code="a">(DE-603)612598888</marc:subfield>
      <marc:subfield code="b">DE-30</marc:subfield>
      <marc:subfield code="c">HES</marc:subfield>
      <marc:subfield code="d">c</marc:subfield>
      <marc:subfield code="g">Q 82.415.92</marc:subfield>
    </marc:datafield>
    <marc:datafield tag="924" ind1="0" ind2=" ">
      <marc:subfield code="9">30/50</marc:subfield>
      <marc:subfield code="a">(DE-603)1170984150</marc:subfield>
      <marc:subfield code="b">DE-30-50</marc:subfield>
      <marc:subfield code="c">HES</marc:subfield>
      <marc:subfield code="d">d</marc:subfield>
      <marc:subfield code="g">85/I A th 3</marc:subfield>
    </marc:datafield>
    <marc:datafield tag="924" ind1="0" ind2=" ">
      <marc:subfield code="9">17</marc:subfield>
      <marc:subfield code="a">(DE-603)663381681</marc:subfield>
      <marc:subfield code="b">DE-17</marc:subfield>
      <marc:subfield code="c">HES</marc:subfield>
      <marc:subfield code="d">c</marc:subfield>
      <marc:subfield code="g">2024 A 451</marc:subfield>
    </marc:datafield>
    <marc:datafield tag="924" ind1="0" ind2=" ">
      <marc:subfield code="9">43</marc:subfield>
      <marc:subfield code="a">(DE-603)058869956</marc:subfield>
      <marc:subfield code="b">DE-43</marc:subfield>
      <marc:subfield code="c">HES</marc:subfield>
      <marc:subfield code="d">c</marc:subfield>
      <marc:subfield code="g">60 82 B 353</marc:subfield>
    </marc:datafield>
    <marc:datafield tag="924" ind1="0" ind2=" ">
      <marc:subfield code="9">36</marc:subfield>
      <marc:subfield code="a">(DE-603)246879866</marc:subfield>
      <marc:subfield code="b">DE-36</marc:subfield>
      <marc:subfield code="c">HES</marc:subfield>
      <marc:subfield code="d">c</marc:subfield>
      <marc:subfield code="g">2021 Q 170</marc:subfield>
    </marc:datafield>
    <marc:datafield tag="924" ind1="0" ind2=" ">
      <marc:subfield code="9">36a</marc:subfield>
      <marc:subfield code="a">(DE-603)1022097229</marc:subfield>
      <marc:subfield code="b">DE-36a</marc:subfield>
      <marc:subfield code="c">HES</marc:subfield>
      <marc:subfield code="d">d</marc:subfield>
      <marc:subfield code="g">LS: ISL 1</marc:subfield>
      <marc:subfield code="i">18:4° /2949</marc:subfield>
    </marc:datafield>
    <marc:datafield tag="924" ind1="0" ind2=" ">
      <marc:subfield code="9">34/30</marc:subfield>
      <marc:subfield code="a">(DE-603)05499361X</marc:subfield>
      <marc:subfield code="b">DE-34-30</marc:subfield>
      <marc:subfield code="c">HES</marc:subfield>
      <marc:subfield code="d">c</marc:subfield>
      <marc:subfield code="g">34 AB 1308</marc:subfield>
      <marc:subfield code="h">Sonderlesesaal</marc:subfield>
      <marc:subfield code="i">34 1983 B 183</marc:subfield>
    </marc:datafield>
    <marc:datafield tag="924" ind1="0" ind2=" ">
      <marc:subfield code="9">34/70</marc:subfield>
      <marc:subfield code="a">(DE-603)055042198</marc:subfield>
      <marc:subfield code="b">DE-34-70</marc:subfield>
      <marc:subfield code="c">HES</marc:subfield>
      <marc:subfield code="d">c</marc:subfield>
      <marc:subfield code="g">75 Kun 484 BUC</marc:subfield>
    </marc:datafield>
    <marc:datafield tag="924" ind1="0" ind2=" ">
      <marc:subfield code="9">26</marc:subfield>
      <marc:subfield code="a">(DE-603)740423401</marc:subfield>
      <marc:subfield code="b">DE-26</marc:subfield>
      <marc:subfield code="c">HES</marc:subfield>
      <marc:subfield code="d">c</marc:subfield>
      <marc:subfield code="g">000 AM 44000 D117</marc:subfield>
    </marc:datafield>
    <marc:datafield tag="924" ind1="0" ind2=" ">
      <marc:subfield code="9">26</marc:subfield>
      <marc:subfield code="a">(DE-603)740424084</marc:subfield>
      <marc:subfield code="b">DE-26</marc:subfield>
      <marc:subfield code="c">HES</marc:subfield>
      <marc:subfield code="d">c</marc:subfield>
      <marc:subfield code="g">F 15236 fol.-B(4)</marc:subfield>
    </marc:datafield>
    <marc:datafield tag="924" ind1="0" ind2=" ">
      <marc:subfield code="9">4</marc:subfield>
      <marc:subfield code="a">(DE-603)101880286</marc:subfield>
      <marc:subfield code="b">DE-4</marc:subfield>
      <marc:subfield code="c">HES</marc:subfield>
      <marc:subfield code="d">c</marc:subfield>
      <marc:subfield code="g">4 Bo 84/44</marc:subfield>
    </marc:datafield>
  </marc:record>
</marc:collection>
